000 00531nam a2200193Ia 4500
003 GCL
008 140319s9999 xx 000 0 ara d
040 _aGCL /
_cGCL
082 0 4 _a001.5
_bا ا
100 1 _aايهاب الازهرى
245 1 0 _aالاذاعة وبناء الانسان /
_cايهاب الازهرى
300 _a199 ص
490 _aاقرأ
_v0
650 0 4 _aالراديو
650 0 4 _aوسائل الاعلام
650 0 4 _aالاذاعة
650 0 4 _aبرامج الاذاعة
942 _2ddc
_cBK
999 _c50616
_d50616